000 00382nam a2200157Ia 4500
008 260417s2024 xx 000 0 und d
041 _aeng
082 _a615.321/KOK
_bDI-1032
100 _aR C.K.KOKATE
245 _aPHARMACOGNOSY
250 _a4TH ed
260 _aPUNE
_b2024
_bNIRALI PRAKASHAN
300 _aP.B/15.12p
650 _aPHARMACOGNOSY
700 _aS.B. GOKHALE
999 _c1220343
_d1220343